Štatistické prognózy počtu nezamestnaných na Slovensku v rokoch 1997 a 1998 podľa sektorov národného hospodárstva

Salvato in:
Dettagli Bibliografici
Autore principale: Rublíková, Eva
Natura: Capitolo di libro
Lingua:slovacco
Tags: Aggiungi Tag
Nessun Tag, puoi essere il primo ad aggiungerne!!

MARC

LEADER 00000naa$a2200000$$$4500
001 0095114
005 20240502072047.2
041 0 |a slo 
044 |a SK 
245 1 0 |a Štatistické prognózy počtu nezamestnaných na Slovensku v rokoch 1997 a 1998 podľa sektorov národného hospodárstva  |c Eva Rublíková 
100 1 |a Rublíková, Eva